000 00329nam a22001457a 4500
008 230901b ||||| |||| 00| 0 eng d
020 _a9780801480973
041 _aeng
080 _a101
082 _a101BAD
100 _a40
101 _aFILOZ
245 _aFRIENDSHIP A PHILOSOPHICAL READER
_cBADHWAR.K.N
942 _2udc
_cBK
999 _c60231
_d60231